LEADER 00800nam a2200181 i 4500 001 000000252546 003 CaOOAMICUS 005 20170116000000.0 008 170116s1816 it u000 u ita u 013 $a231451 026 $auir- tet- zel- riSa (3) 1816 (A) 040 $aSeMil$bita 245 10$aTomo 1. 300 $aCV, [7], 166, [2] p. 773 0 $tDichiarazioni, e ritrattazioni degl' indirizzi stampati in Milano l'anno 1811 pei torchj di Giuseppe Maspero umiliate alla santità di nostro signore papa Pio 7. dagl'illmi, e rmi monsignori arcivescovi, e vescovi e dai rmi capitoli d'Italia.$dRoma : Presso Lazzarini, 1816.$g1$w()4195 850 $aSeMil 852 $aSeMil$W1$xVenegono$y1$m3O II 35 FA$j202892$B202892$CSeMilBibl$Z2$F215608 $8I 996 $6245$aTomo 1$9(OLS)http://semarc/title/46685 LEADER 01126nam a2200265 i 4500 001 000000213333 003 CaOOAMICUS 005 20120521000000.0 008 120521s2012 it u000 u ita u 013 $a192188 020 $a978-88-7839-224-3 040 $aSeMil$bita 245 13$aLa nuova evangelizzazione :$bDies academicus 2011-12. 260 $aRoma :$bGBP, Gregorian & Biblical Press,$c2012. 300 $a58 p. ;$c23 cm. 490 0 $aGregoriana ;$v3 650 4$aNuova evangelizzazione.$0(OLS)http://semarc/subject/16250 650 4$aChiesa - Evangelizzazione - 1990-....$0(OLS)http://semarc/subject/18740 830 0$aGregoriana ;$v3.$0(OLS)http://semarc/title/24164 850 $aSeMil 852 $aSeMil$W1$xVenegono$y1$m2HA E 3$j228822$B163763$CSeMilBibl$Z2$F174819 $81 961 $aSottoscrizione: Pontificia Università Gregoriana 996 $6020$a978-88-7839-224-3$9(OLS)http://semarc/number/209233 996 $6245$aLa nuova evangelizzazione :$bDies academicus 2011-12$9(OLS)http://semarc/title/307600 996 $6260$aRoma :$bGBP, Gregorian & Biblical Press$9(OLS)http://semarc/publisher/33573